000
00228nam a2200109Ia 4500
999
_c
6472
_d
6472
020
_a
978-0321181053
100
_a
Connolly, Begg
245
0
_a
Database Systems
260
_a
USA
_b
McGraw-Hill
_c
1996
300
_a
839
942
_c
BK